| 000 | 00482nam a2200121Ia 4500 | ||
|---|---|---|---|
| 008 | 220620s9999||||xx |||||||||||||| ||und|| | ||
| 245 | 0 |
_aFrench Ecocriticism _bFrom the Early Modern Period to the Twenty-First Century |
|
| 546 | _aEnglish[eng] | ||
| 650 | _aLiterature: history and criticism||Art techniques and principles | ||
| 700 | _aFinch-Race, Daniel A.||Posthumus, Stephanie | ||
| 856 | _uhttps://library.oapen.org/bitstream/20.500.12657/42324/1/9783653066067.pdf | ||
| 942 | _cEB | ||
| 999 |
_c21776 _d21776 |
||